000 00637nam a2200241Ia 4500
003 OSt
005 20220924143408.0
006 a|||||r|||| 00| 0
007 ta
008 220923b |||||||| |||| 00| 0 urd d
020 _c4.00
024 _a308004
037 _cTextual
040 _aARTS
_cARTS
_burd
041 _2urd
_aurd
082 _aDelta737N169:g, 168M0
100 _aMd. Mazahiri
_9215634
245 0 _aAala Hazrat Barelwi ki chand khatarnak ghaltiyaan
260 _c1980
650 _aSPIRurdALISM
942 _hDelta737N169:g, 168M0
_cTEXL
_2CC
999 _c454303
_d454303